Les prénoms inspirés des fruits - Statistiques

Statistiques générales
  • Ce quiz a été pris 742 fois
  • Le résultat moyen est 9 sur 26
Statistiques - réponses
INDICE 1 INDICE 2 PRENOM % Correct
Pas une mandarine C Clémentine
80%
Dans le pastis A Anis
75%
Pink lady, golden... P Pomme
70%
Pas une clémentine M Mandarine
68%
Quetsche ou reine claude ? P Prune
61%
Fruit du roncier M Mûre
55%
Noire ou verte, parfois rose O Olive
53%
Baie noire des montagnes M Myrtille
52%
Napoléon ou Bigarreau C Cerise
47%
Orchidée de Madagascar V Vanille
47%
Baie en anglais B Berry
45%
Merveilleuse prune M Mirabelle
38%
Marque d'informatique A Apple
35%
Sorte de noix C Coco
34%
Française autrefois à une lettre près F Framboise
28%
Porteur d'agrumes O Oranger
24%
Petit fruit de Bourgogne C Cassis
18%
Arbre anglais à noisettes H Hazel
18%
Myrtille sauvage A Airelle
10%
Comédienne au nom shakespearien A Amanda
9%
Inspiré par un agrume O Orangine
5%
Sorte de noisette A Aveline
2%
Fruit du cognassier en anglais Q Quince
2%
Dattes en Israël T Tamara
1%
En japonais désigne un petit fruit orange A Anzu
0%
Agrume croisé de vanille C Citronille
0%
Aucun quiz correspondant
Distribution des résultats
% des personnes avec chaque résultat
Percentile par nombre de réponses
Votre historique - résultats
Vous n’avez pas pris ce quiz